00778nam a2200181 a 450000100100000000500170001000800410002704000250006808200160009310000280010924501410013726000380027830000200031604900090033695201140034595201200045999900170057900003003920200930060007.0110428s1971 dr 000 s spa d aDO-SdBNPbspacBNPHU axxxxbL512d1 aLeger, José O.95675210aDiscursos pronunciados en la manifestación de repudio a la conspiración Wessinista, el martes 6 de julio de 1971 /cJosé O. Leger. aSanto Domingo :b[s.n.],c[1971]. a23 p. ;c20 cm. aBNPD 0010718PDaPDbPDcHDd2011-04-28iLF1l0oxxxx L512dp30039-10r2020-06-25w2020-06-25yLFPDZNo se presta 0010718PDaPDbPDcCTd2011-11-21iLF1l0oxxxx L512dp30039-20r2020-06-25te. 2w2020-06-25yLFPDZNo se presta c29531d29531